| 000 | 00675cam a2200241 4500 | ||
|---|---|---|---|
| 999 |
_c2677 _d2677 |
||
| 001 | 4127285 | ||
| 003 | OSt | ||
| 005 | 20181017161415.0 | ||
| 008 | 700511s1970 nju b 000 0 eng | ||
| 010 | _a 76096713 | ||
| 040 |
_aDLC _cDLC _dDLC |
||
| 050 | 0 | 0 |
_aMT1 _b.H95 |
| 082 | 0 | 0 |
_a780 _bH945G |
| 100 | 1 | _aHunter, Hilda. | |
| 245 | 1 | 0 |
_aGrowing up with music / _cHilda Hunter. |
| 260 |
_aOld Tappan, N.J. : _bHewitt House _c[1970] |
||
| 300 |
_a158 p. ; _c22 cm. |
||
| 350 | _a4.95 | ||
| 504 | _aBibliography and discography: p. 149-158. | ||
| 650 | 0 |
_aMusic _xInstruction and study _vJuvenile. |
|
| 906 |
_a7 _bcbc _corignew _du _encip _f19 _gy-gencatlg |
||
| 942 |
_2ddc _cBK |
||